Blueprints pediatrics / (Record no. 157959)

MARC details
000 -LEADER
fixed length control field 01033cam a2200313 i 4500
001 - CONTROL NUMBER
control field vtls003258234
003 - CONTROL NUMBER IDENTIFIER
control field MY-SjTCS
005 - DATE AND TIME OF LATEST TRANSACTION
control field 20200226120036.0
008 - FIXED-LENGTH DATA ELEMENTS--GENERAL INFORMATION
fixed length control field 141117t20132013mdua 001 0 eng
020 ## - INTERNATIONAL STANDARD BOOK NUMBER
International Standard Book Number 9781451116045 (paperback)
039 #9 - LEVEL OF BIBLIOGRAPHIC CONTROL AND CODING DETAIL [OBSOLETE]
Level of rules in bibliographic description 201809071349
Level of effort used to assign nonsubject heading access points VLOAD
Level of effort used to assign subject headings 201412311254
Level of effort used to assign classification shuhada
-- 201411171049
-- aishah_siti
040 ## - CATALOGING SOURCE
Description conventions rda
082 04 - DEWEY DECIMAL CLASSIFICATION NUMBER
Classification number 618.9200076
Item number MAR 2013
100 1# - MAIN ENTRY--PERSONAL NAME
Personal name Marino, Bradley S.
9 (RLIN) 71836
245 10 - TITLE STATEMENT
Title Blueprints pediatrics /
Statement of responsibility, etc. Bradley S. Marino, Katie S. Fine.
246 30 - VARYING FORM OF TITLE
Title proper/short title Pediatrics
250 ## - EDITION STATEMENT
Edition statement Sixth edition.
264 #1 - PRODUCTION, PUBLICATION, DISTRIBUTION, MANUFACTURE, AND COPYRIGHT NOTICE
Place of production, publication, distribution, manufacture Baltimore, Md. :
Name of producer, publisher, distributor, manufacturer Wolters Kluwer/Lippincott Williams & Wilkins,
Date of production, publication, distribution, manufacture, or copyright notice [2013]
264 #4 - PRODUCTION, PUBLICATION, DISTRIBUTION, MANUFACTURE, AND COPYRIGHT NOTICE
Date of production, publication, distribution, manufacture, or copyright notice ©2013
300 ## - PHYSICAL DESCRIPTION
Extent xi, 403 pages :
Other physical details illustrations (some color) ;
Dimensions 26 cm.
336 ## - CONTENT TYPE
Content type term text
Source rdacontent
337 ## - MEDIA TYPE
Media type term unmediated
Source rdamedia
338 ## - CARRIER TYPE
Carrier type term volume
Source rdacarrier
490 0# - SERIES STATEMENT
Series statement Blueprints
500 ## - GENERAL NOTE
General note Includes index.
650 #0 - SUBJECT ADDED ENTRY--TOPICAL TERM
Topical term or geographic name entry element Pediatrics
Form subdivision Outlines, syllabi, etc.
9 (RLIN) 53810
700 1# - ADDED ENTRY--PERSONAL NAME
Personal name Fine, Katie S.
Fuller form of name (Katie Snead)
9 (RLIN) 71837
920 ## - Programme
Programme SMN : 214522
Holdings
Withdrawn status Lost status Source of classification or shelving scheme Damaged status Not for loan Home library Current library Date acquired Cost, normal purchase price Total Checkouts Barcode Date last seen Date last checked out Copy number Cost, replacement price Koha item type Public note
    Dewey Decimal Classification     Clinical School Clinical School 06/01/2015 162.00 17 5000151811 05/12/2019 04/03/2019 1 162.00 SOM Main Collection SOMxx,33001,03,CL